| 000 | 00520nam a2200181Ia 4500 | ||
|---|---|---|---|
| 999 |
_c29401 _d29401 |
||
| 003 | OSt | ||
| 005 | 20201228160257.0 | ||
| 008 | 190216s9999||||xx |||||||||||||| ||und|| | ||
| 020 | _a9788182645806 | ||
| 040 | _coclc | ||
| 082 |
_a700 _bRAV/C |
||
| 100 |
_aRaveendran _92118 |
||
| 245 | 0 |
_aCinema Samooham Prathyaya Sasthram / _cRaveendran |
|
| 260 |
_bMathrubhumi Printing &publishing, _aKozhikode: _c2007. |
||
| 300 | _a196p | ||
| 650 | _aLekhanam | ||
| 942 |
_cBK _2ddc _h700 _iRAV/C _k700 _mRAV/C |
||